000 00653nam a2200205Ia 4500
001 db13-37291
003 IT-MiCISF
008 161014s9999||||xx |||||||||||||| ||und||
040 _aIT-MiCISF
_cIT-MiCISF
041 _ait
100 _aDe Moliner Marisa
245 0 _aBioetica
_bI nuovi confini tra scienza e coscienza
250 _a1a ed.
260 _a Milano
_bPeriodici San Paolo
_c2003
300 _app. 191
500 _asupplemento a Famiglia Cristiana n. 17 / bioetica, clonazione, procreazione-artificiale, aborto, trapianti, eutanasia, genetica, società / documento
650 _abioetica
942 _cBK
957 _71
999 _a37291
_bsi
_g1
_c209362
_d209362